<?xml version="1.0" encoding="UTF-8"?>
<record
    xmlns:xsi="http://www.w3.org/2001/XMLSchema-instance"
    xsi:schemaLocation="http://www.loc.gov/MARC21/slim http://www.loc.gov/standards/marcxml/schema/MARC21slim.xsd"
    xmlns="http://www.loc.gov/MARC21/slim">

  <leader>01858nam a22002777a 4500</leader>
  <controlfield tag="003">DO-SdBPM</controlfield>
  <controlfield tag="005">20250224090131.0</controlfield>
  <controlfield tag="008">211008b2000 xx  ||||00| 0 spa d</controlfield>
  <datafield tag="020" ind1=" " ind2=" ">
    <subfield code="a">0021478082</subfield>
  </datafield>
  <datafield tag="040" ind1=" " ind2=" ">
    <subfield code="a">DO-SdBPM</subfield>
    <subfield code="b">spa</subfield>
    <subfield code="c">BPMSU </subfield>
  </datafield>
  <datafield tag="082" ind1=" " ind2="4">
    <subfield code="a">917.3</subfield>
    <subfield code="b">U54n 2000</subfield>
    <subfield code="2">22</subfield>
  </datafield>
  <datafield tag="245" ind1="0" ind2="0">
    <subfield code="a">Una nueva naci&#xF3;n : </subfield>
    <subfield code="b">aventuras a trav&#xE9;s del tiempo / </subfield>
    <subfield code="c">James A Banks... [et.al]</subfield>
  </datafield>
  <datafield tag="260" ind1=" " ind2=" ">
    <subfield code="a">New York ;</subfield>
    <subfield code="b">McGraw-Hill,</subfield>
    <subfield code="c">2000</subfield>
  </datafield>
  <datafield tag="300" ind1=" " ind2=" ">
    <subfield code="a">669 p.</subfield>
    <subfield code="c">27 cm. </subfield>
  </datafield>
  <datafield tag="500" ind1=" " ind2=" ">
    <subfield code="a">Incluye &#xED;ndice </subfield>
  </datafield>
  <datafield tag="500" ind1=" " ind2=" ">
    <subfield code="a">Crist&#xF3;bal Colon y los ta&#xED;nos [Rep&#xFA;blica Dominicana] p. 133</subfield>
  </datafield>
  <datafield tag="505" ind1="0" ind2=" ">
    <subfield code="a">Nuestro medio ambiente.-- La vida en Estados Unidos. La geograf&#xED;a de Estados Unidos -- Las culturas oriental y occidental -- Los ind&#xED;genas de Am&#xE9;rica del norte --  El mundo se hace m&#xE1;s peque&#xF1;o--  Contacto y exploraci&#xF3;n --  El encuentro entre el este y el oeste. -- Los primeros asentamientos ingleses en Am&#xE9;rica del norte. -- Las vida en la  trece colonia -- Trece colonias inglesas  Las colonias de nueva Inglaterra-- Las colonias del centro --Las colonias del sur- La vida en las trece colonias inglesas-- La lucha por la independencia -- La lucha por Am&#xE9;rica del norte -- La ruptura con gran Breta&#xF1;a -- La guerra de independencia -- La formaci&#xF3;n de Estados Unidos -- La constituci&#xF3;n de Estados Unidos -- Una naci&#xF3;n joven -- Expansi&#xF3;n hacia el oeste -- Cambios en el modo de vida estadounidense --  En busca de una vida mejor --  Estados Unidos, pasado y presente --  El fin de la esclavitud --  Inmigrantes y emigrantes --  Libertad y justicia para todos.</subfield>
  </datafield>
  <datafield tag="590" ind1=" " ind2=" ">
    <subfield code="a">Inventariado 2025/VM</subfield>
    <subfield code="6"> </subfield>
  </datafield>
  <datafield tag="650" ind1=" " ind2="4">
    <subfield code="a">Medio ambiente  </subfield>
    <subfield code="z">Estados Unidos </subfield>
  </datafield>
  <datafield tag="650" ind1=" " ind2="4">
    <subfield code="a">Historia de Estados Unidos  </subfield>
  </datafield>
  <datafield tag="651" ind1=" " ind2="4">
    <subfield code="a">Estados Unidos</subfield>
    <subfield code="x">Geograf&#xED;a  </subfield>
  </datafield>
  <datafield tag="700" ind1="1" ind2=" ">
    <subfield code="a">Banks, James A</subfield>
  </datafield>
  <datafield tag="710" ind1="2" ind2=" ">
    <subfield code="a">National Geographic society</subfield>
  </datafield>
  <datafield tag="910" ind1=" " ind2=" ">
    <subfield code="a">VMateo V. Control de calidad. BPMSU</subfield>
  </datafield>
  <datafield tag="942" ind1=" " ind2=" ">
    <subfield code="2">ddc</subfield>
    <subfield code="c">BK</subfield>
  </datafield>
  <datafield tag="952" ind1=" " ind2=" ">
    <subfield code="0">0</subfield>
    <subfield code="1">0</subfield>
    <subfield code="2">ddc</subfield>
    <subfield code="4">0</subfield>
    <subfield code="7">0</subfield>
    <subfield code="8">CD</subfield>
    <subfield code="a">BPMET</subfield>
    <subfield code="b">BPMET</subfield>
    <subfield code="d">2021-10-08</subfield>
    <subfield code="e"> </subfield>
    <subfield code="l">0</subfield>
    <subfield code="o">BPMSU CG 917.3 U54n 2000</subfield>
    <subfield code="p">BPMSU21100061</subfield>
    <subfield code="r">2021-10-08</subfield>
    <subfield code="w">2021-10-08</subfield>
    <subfield code="y">BK</subfield>
  </datafield>
  <datafield tag="952" ind1=" " ind2=" ">
    <subfield code="0">0</subfield>
    <subfield code="1">0</subfield>
    <subfield code="2">ddc</subfield>
    <subfield code="4">0</subfield>
    <subfield code="7">0</subfield>
    <subfield code="8">CD</subfield>
    <subfield code="a">BPMET</subfield>
    <subfield code="b">BPMET</subfield>
    <subfield code="d">2021-10-08</subfield>
    <subfield code="e"> </subfield>
    <subfield code="l">0</subfield>
    <subfield code="o">BPMSU CG 917.3 U54n 2000</subfield>
    <subfield code="p">BPMSU21100062</subfield>
    <subfield code="r">2021-10-08</subfield>
    <subfield code="t">e.2</subfield>
    <subfield code="w">2021-10-08</subfield>
    <subfield code="y">BK</subfield>
  </datafield>
  <datafield tag="999" ind1=" " ind2=" ">
    <subfield code="c">13771</subfield>
    <subfield code="d">13771</subfield>
  </datafield>
</record>
